| 000 | 01251cam a2200385 a 4500 | ||
|---|---|---|---|
| 003 | CHAP | ||
| 005 | 20220817043803.0 | ||
| 008 | 010809d1990 us 00 eng d | ||
| 010 | _a84408 | ||
| 011 | _a85380 | ||
| 020 | _a1850702683 | ||
| 035 | _a95913 | ||
| 040 | _cCHAP | ||
| 082 | 0 | 0 |
_a581.16 _bB3 |
| 100 | 0 | 0 |
_aBawa, K. S. _eed. _910981 |
| 245 | 0 | 0 |
_aReproductive ecology of tropical forest plants _c/ed. by K.S. Bawa and M. Hadley |
| 260 |
_aNew York : _bThe Parthenon publishing group, _c1990. |
||
| 300 | _a421 p. | ||
| 490 | 0 |
_aMan and the biosphere series _v; 7 |
|
| 590 |
_aBATCH-UPD _b10 _c20130110 _lUCH01 _h0655 |
||
| 590 |
_aBATCH-UPD _b10 _c20130410 _lUCH01 _h0340 |
||
| 590 |
_aBATCH-UPD _b10 _c20130914 _lUCH01 _h0722 |
||
| 590 |
_aCONVERSION _b10 _c20130109 _lUCH01 _h1347 |
||
| 650 | 1 | 4 |
_aBosques _xTrópicos. _914401 |
| 650 | 1 | 4 |
_aBotánica forestal. _914679 |
| 650 | 1 | 4 |
_aEcología forestal. _935176 |
| 650 | 1 | 4 |
_aPlantas _xReproducción. _988879 |
| 700 | 0 |
_aHadley, M. _eed. _952193 |
|
| 710 | 1 | 0 | _aUNESCO |
| 830 | 0 | 0 |
_aMan and the biosphere series _v; 7 _970261 |
| 901 | _aBK | ||
| 905 | _aLilia Sánchez G. | ||
| 942 | _cLIBRO | ||
| 949 |
_a581.16 B3 _bBC _cLIBRO _d33724000839510 _eLIBRO _h100900 _i95913 _kI.212038 _so _t$781.00 |
||
| 999 |
_c84408 _d84408 |
||